000 00949cam a2200277 a 4500
001 2107685
003 ARRUPE
005 20140426020010.0
008 960723s1996 mnu b 001 0 eng
010 _a 96034099
020 _a0814661556
040 _aDLC
_cDLC
_dDLC
050 0 0 _aBV813.2
_b.S73 1996
082 0 0 _a234/.1612
_220
100 1 _aStasiak, Kurt,
_d1952-
_9788
245 1 0 _aReturn to grace :
_ba theology of infant baptism /
_cKurt Stasiak.
260 _aCollegeville, Minn. :
_bLiturgical Press,
_cc1996.
300 _axiv, 224 p. ;
_c23 cm.
500 _a"A Pueblo book."
504 _aIncludes bibliographical references (p. 213-221) and index.
610 2 0 _aCatholic Church
_xDoctrines.
_9789
650 0 _aInfant baptism.
_9790
906 _a7
_bcbc
_corignew
_d1
_eocip
_f19
_gy-gencatlg
942 _2lcc
_cMONOGRAPH
_01
999 _c117931
_d117931